期刊信息 |
| 索取号 |
B0/TJOP
|
| 题名 |
THE JOURNAL OF PHILOSOPHY
|
| 作者 |
BERNARD BEROFSHY
|
| 分册号 |
|
| 分册名 |
|
| 出版地 |
NEW YORK
|
| 出版者 |
THE JOURNAL OF PHILOSOPHY,INC.
|
| 标准刊号 |
0022-362X
|
| 出版频率 |
月刊
|
| 中图法分类 |
B0
|
| 主题词 |
哲学理论
|
| 电子资源 | |
| |
|
| 000 | 00475nas0 2200181 45 | |
| 001 | 0740546123 | |
| 005 | 20070416111903.78 | |
| 011 | @a0022-362X@d$25.00(1988) | |
| 100 | @a20070416d km y0chiy0120 ea | |
| 101 | 0 | @aeng |
| 200 | 1 | @aTHE JOURNAL OF PHILOSOPHY@fBERNARD BEROFSHY |
| 210 | @aNEW YORK@cTHE JOURNAL OF PHILOSOPHY,INC. | |
| 326 | @a月刊 | |
| 606 | 0 | @a哲学理论 |
| 690 | @aB0@v4 | |
| 701 | 0 | @aBERNARD BEROFSHY |
| 801 | 0 | @aCN@bPFT@c20070416 |
| 905 | @aTJWY@dB0@eTJOP | |
| THE JOURNAL OF PHILOSOPHY/BERNARD BEROFSHY.-NEW YORK:THE JOURNAL OF PHILOSOPHY,INC. |
| ISSN 0022-362X:$25.00(1988) |
| ● |
| 相关链接: |
|
|
|
|